Health visiting specialist community public heath nursing (Record no. 2846)

MARC details
000 -LEADER
fixed length control field 00411nam a22001577a 4500
008 - FIXED-LENGTH DATA ELEMENTS--GENERAL INFORMATION
fixed length control field 250404b |||||||| |||| 00| 0 eng d
020 ## - INTERNATIONAL STANDARD BOOK NUMBER
ISBN 9780702080074
100 ## - MAIN ENTRY--AUTHOR
Author Burrows Patricia
245 ## - TITLE STATEMENT
Title Health visiting specialist community public heath nursing
250 ## - EDITION STATEMENT
Edition statement 3rd
260 ## - PUBLICATION, DISTRIBUTION, ETC. (IMPRINT)
Place of publication 2023
Name of publisher Elsevier
Date of publication 2023
300 ## - COLLATION
Pagination xx,363p
650 ## - TRACINGS
Main Subject Community health nursing
942 ## - ADDED ENTRY ELEMENTS (KOHA)
Item type Books
050 ## - LIBRARY OF CONGRESS CALL NUMBER
Classification number RT98
Item number .B87
Holdings
Source of classification or shelving scheme Not for loan Permanent location Current location Date acquired Accession No. Full call number Barcode. Koha item type
Library of Congress Classification   Medical Library Medical Library 04/04/2025 2024/64265 RT98.B87 2025-1157 Books